Countries Starting with 'A' - Statistics

General Stats
  • This quiz has been taken 238 times
  • The average score is 10 of 11
Answer Stats
Continent Country % Correct
Oceania Australia
98%
Europe Albania
95%
South America Argentina
95%
Africa Angola
92%
Asia Armenia
92%
Europe Austria
92%
Asia Azerbaijan
92%
Europe Andorra
91%
Africa Algeria
90%
Asia Afghanistan
88%
North America Antigua and Barbuda
87%
No matching quizzes found
Score Distribution
Percent of People with Each Score
Percentile by Number Answered
Your Score History
You have not taken this quiz